<?xml version="1.0" encoding="UTF-8"?><?xml-stylesheet type="text/xsl" href="static/style.xsl"?><OAI-PMH xmlns="http://www.openarchives.org/OAI/2.0/" xmlns:xsi="http://www.w3.org/2001/XMLSchema-instance" xsi:schemaLocation="http://www.openarchives.org/OAI/2.0/ http://www.openarchives.org/OAI/2.0/OAI-PMH.xsd"><responseDate>2026-04-17T12:44:57Z</responseDate><request verb="GetRecord" identifier="oai:www.recercat.cat:20.500.12327/416" metadataPrefix="marc">https://recercat.cat/oai/request</request><GetRecord><record><header><identifier>oai:recercat.cat:20.500.12327/416</identifier><datestamp>2025-10-22T11:32:59Z</datestamp><setSpec>com_2072_4428</setSpec><setSpec>com_2072_4427</setSpec><setSpec>col_2072_487898</setSpec></header><metadata><record xmlns="http://www.loc.gov/MARC21/slim" xmlns:dcterms="http://purl.org/dc/terms/" xmlns:xsi="http://www.w3.org/2001/XMLSchema-instance" xmlns:doc="http://www.lyncode.com/xoai" xsi:schemaLocation="http://www.loc.gov/MARC21/slim http://www.loc.gov/standards/marcxml/schema/MARC21slim.xsd">
   <leader>00925njm 22002777a 4500</leader>
   <datafield ind2=" " ind1=" " tag="042">
      <subfield code="a">dc</subfield>
   </datafield>
   <datafield ind2=" " ind1=" " tag="720">
      <subfield code="a">Castejón, Diego</subfield>
      <subfield code="e">author</subfield>
   </datafield>
   <datafield ind2=" " ind1=" " tag="720">
      <subfield code="a">Rotllant, Guiomar</subfield>
      <subfield code="e">author</subfield>
   </datafield>
   <datafield ind2=" " ind1=" " tag="720">
      <subfield code="a">Alba-Tercedor, Javier</subfield>
      <subfield code="e">author</subfield>
   </datafield>
   <datafield ind2=" " ind1=" " tag="720">
      <subfield code="a">Font-i-Furnols, Maria</subfield>
      <subfield code="e">author</subfield>
   </datafield>
   <datafield ind2=" " ind1=" " tag="720">
      <subfield code="a">Ribes, Enric</subfield>
      <subfield code="e">author</subfield>
   </datafield>
   <datafield ind2=" " ind1=" " tag="720">
      <subfield code="a">Durfort, Mercè</subfield>
      <subfield code="e">author</subfield>
   </datafield>
   <datafield ind2=" " ind1=" " tag="720">
      <subfield code="a">Guerao, Guillermo</subfield>
      <subfield code="e">author</subfield>
   </datafield>
   <datafield ind2=" " ind1=" " tag="260">
      <subfield code="c">2019-01-09</subfield>
   </datafield>
   <datafield ind2=" " ind1=" " tag="520">
      <subfield code="a">We studied the anatomy and cytology of the midgut gland (MGl) of the common spider crab Maja brachydactyla Balss, 1922 at several life stages (zoea, megalopa, first juvenile, and adult) using dissection, histology, electron microscopy, computed tomography, and micro-computed tomography (micro-CT). In newly hatched larvae, 14 blind-end tubules form the MGl. The length of the tubules increases during the larval development. In the late megalopa, the number of tubules also increases. In adults, 35,000 to 60,000 blind-ending tubules comprise the MGl. In all life stages, a square-net network of muscle fibers surround the tubules. We describe five cell types in the MGl in all larval stages, which have a similar location, histology, and ultrastructure in larvae and adults: embryonary (E-) cells, resorptive (R-) cells, fibrillar (F-) cells, blister-like (B-) cells, and midget (M-) cells. Major difference between larval and adult cells is the larger size of the adult cells. Microapocrine secretion occurs from the microvilli of the B-cells. No ultrastructural changes were observed during larval development, which suggests that the function of each cell type might be similar in all life stages. The role of each epithelial cell type in larvae and adults is discussed.</subfield>
   </datafield>
   <datafield ind1="8" ind2=" " tag="024">
      <subfield code="a">Castejón, Diego, Guiomar Rotllant, Javier Alba-Tercedor, Maria Font-i-Furnols, Enric Ribes, Mercè Durfort, and Guillermo Guerao. 2019. "Morphology And Ultrastructure Of The Midgut Gland ("Hepatopancreas") During Ontogeny In The Common Spider Crab Maja Brachydactyla Balss, 1922 (Brachyura, Majidae)". Arthropod Structure &amp; Development 49: 137-151. Elsevier BV. doi:10.1016/j.asd.2018.11.013.</subfield>
   </datafield>
   <datafield ind1="8" ind2=" " tag="024">
      <subfield code="a">1467-8039</subfield>
   </datafield>
   <datafield ind1="8" ind2=" " tag="024">
      <subfield code="a">http://hdl.handle.net/20.500.12327/416</subfield>
   </datafield>
   <datafield ind1="8" ind2=" " tag="024">
      <subfield code="a">https://doi.org/10.1016/j.asd.2018.11.013</subfield>
   </datafield>
   <datafield ind2="0" ind1="0" tag="245">
      <subfield code="a">Morphology and ultrastructure of the midgut gland ("hepatopancreas") during ontogeny in the common spider crab Maja brachydactyla Balss, 1922 (Brachyura, Majidae)</subfield>
   </datafield>
</record></metadata></record></GetRecord></OAI-PMH>